Normal view
MARC view
- الدعوى المدنية -- العراق -- المحاكمات المدنية -- العراق
Entry Topical Term
001 - CONTROL NUMBER
- control field: 8637
003 - CONTROL NUMBER IDENTIFIER
- control field: JO-AjAnu
005 - DATE AND TIME OF LATEST TRANSACTION
- control field: 20230606071707.0
008 - FIXED-LENGTH DATA ELEMENTS
- fixed length control field: 230606|| aca||aabn | a|a d
040 ## - CATALOGING SOURCE
- Original cataloging agency: JO-AjAnu
- Transcribing agency: JO-AjAnu
150 ## - HEADING--TOPICAL TERM
- Topical term or geographic name entry element: الدعوى المدنية -- العراق -- المحاكمات المدنية -- العراق
670 ## - SOURCE DATA FOUND
- Source citation: Work cat.: (JO-AjAnu)4458: النداوي ، آدم وهيب , author 8636, مدى سلطة المحكمة المدنية في تعديل نطاق الدعوى " دراسة تأصيلية مقارنة في قانون المرافعات "